000 00835nam a2200265 i 4500
003 DO-SdBNP
005 20250513152112.0
007 ta
008 250513b202- dr ac||| |||| 00| 0 spa d
020 _a9789945805994
040 _aDO-SdBNP
_bspa
_cBNPHU
_erda
041 _aspa
082 4 _222
_axxx
_bG586t
100 _aGómez Cerda, José,
_eautor
_4aut.
_98583
245 1 0 _aTomás Moro; político y gobernante /
_cJosé Gómez Cerda
264 _aSanto Domingo :
_bSantuario,
300 _a213 páginas :
_bilustraciones, retratos ;
_c28 cm.
336 _atexto
_btxt
_2rdacontent
337 _asin mediación
_bn
_2rdamedia
338 _avolumen
_bnc
_2rdacarrier
500 _aEl hombre no puede ser separado de Dios, ni la politíca de la moral.
590 _aInventariado, 2025/BT
910 _aBtavárez
942 _2ddc
_cLBS1
999 _c58503
_d58503